Từ điển lịch sử chế độ chính trị Trung Quốc
Đã lưu trong:
| 主要作者: | |
|---|---|
| 格式: | 圖書 |
| 語言: | Undetermined |
| 出版: |
Thành phố Hồ Chí Minh
Trẻ
2001
|
| 主題: | |
| 標簽: |
添加標簽
沒有標簽, 成為第一個標記此記錄!
|
| Thư viện lưu trữ: | Trung tâm Học liệu Trường Đại học Cần Thơ |
|---|
| LEADER | 00651nam a2200193Ia 4500 | ||
|---|---|---|---|
| 001 | CTU_92677 | ||
| 008 | 210402s9999 xx 000 0 und d | ||
| 082 | |a 951.003 | ||
| 082 | |b T116 | ||
| 100 | |a Chu, Phát Tăng | ||
| 245 | 0 | |a Từ điển lịch sử chế độ chính trị Trung Quốc | |
| 245 | 0 | |c Chu Phát Tăng, Trần Long Đào, Tề Cát Tường; Nguyễn Văn Dương dịch | |
| 260 | |a Thành phố Hồ Chí Minh | ||
| 260 | |b Trẻ | ||
| 260 | |c 2001 | ||
| 650 | |a China | ||
| 650 | |x History,Dictionaries | ||
| 904 | |i Tuyến | ||
| 980 | |a Trung tâm Học liệu Trường Đại học Cần Thơ | ||